000 00814cad a22001815a 4500
001 E152369
008 110228s2010 xxk f 000 0 eng d
035 _a(Sirsi) u152369
041 0 _aeng
110 2 _aUnited Kingdom
_bDepartment for Business, Innovation and Skills
_95760
245 0 0 _aHealthy high street?
_ba healthcheck for high streets and town centres
_h[electronic resource]
260 _aLondon
_bBIS
_c2010
520 _aSets out a checklist which looks for indicators of decline in high streets. Offers guidance on action to take if problems are found.
651 4 _aUnited Kingdom
_y
690 _aPROPERTY-COMMERCIAL PROPERTY-COMMERCIAL PROPERTY MARKET
856 4 0 _uhttps://www.info4local.gov.uk/documents/publications/1757982
_zView the item free of charge at www.info4local.gov.uk
942 _n0
999 _c112023
_d112023